Top 5 Most Populous Cities by Country of Oceania - Statistics

General Stats
  • This quiz has been taken 95 times
    10 since last reset
  • The average score is 14 of 70
Answers on the Map
Answers color-coded by a green-red scale on the quiz's map according to % correct below.
 
Answer Stats
Country Population City % Correct
New Zealand 1,547,200 Auckland
100%
New Zealand 407,800 Christchurch
100%
Australia* 5,328,274 Melbourne
100%
Australia* 2,430,757 Perth
100%
Australia* 5,219,674 Sydney
100%
New Zealand 209,800 Wellington
100%
Australia* 2,745,086 Brisbane
90%
Papua New Guinea 364,125 Port Moresby
90%
Fiji 185,913 Suva
90%
Australia* 1,470,938 Adelaide
80%
Samoa 35,974 Apia
80%
Tonga 21,185 Nuku'alofa
60%
New Zealand 192,100 Hamilton
50%
Vanuatu 35,901 Port Vila
50%
Solomon Islands 130,176 Honiara
40%
Palau 9,564 Koror
40%
New Zealand 160,900 Tauranga
40%
Micronesia, F.S. 4,903 Palikir
30%
Micronesia, F.S. 4,496 Kolonia
10%
Papua New Guinea 148,934 Lae
10%
Fiji 71,048 Nadi
10%
Palau 2,020 Airai
0%
Nauru** 1,258 Aiwo
0%
Tuvalu 1,115 Alapi
0%
Samoa 3,810 Aleisa Sasa'e
0%
Solomon Islands 7,020 Auki
0%
Kiribati 18,429 Betio
0%
Kiribati 7,530 Bikenibeu
0%
Nauru** 845 Boe
0%
Nauru** 969 Buada
0%
Marshall Islands 5,809 Darrit
0%
Marshall Islands 6,321 Delap
0%
Nauru** 1,874 Denigomodu
0%
Marshall Islands 8,416 Ebeye
0%
Kiribati 3,858 Eita
0%
Tuvalu 1,258 Fakaifou
0%
Samoa 4,431 Faleasiu
0%
Tonga 3,473 Haveluloto
0%
Vanuatu 1,437 Isangel
0%
Micronesia, F.S. 4,687 Kitti
0%
Palau 454 Kloulklubed
0%
Fiji 26,601 Labassa
0%
Fiji 71,573 Lautoka
0%
Tuvalu 1,165 Lofeagai
0%
Vanuatu 13,397 Luganville
0%
Papua New Guinea 35,971 Madang
0%
Micronesia, F.S. 4,129 Madolenihmw
0%
Solomon Islands 15,560 Malango
0%
Nauru** 1,797 Meneng
0%
Palau 1,631 Meyuns
0%
Papua New Guinea 29,765 Mount Hagen
0%
Fiji 57,882 Nausori
0%
Tonga 3,825 Neiafu
0%
Micronesia, F.S. 4,673 Nett
0%
Palau 630 Ngetkib
0%
Solomon Islands 7,204 Noro
0%
Vanuatu 2,998 Norsup
0%
Vanuatu 2,485 Pango
0%
Marshall Islands 4,653 Rairok
0%
Tuvalu 1,1014 Senala
0%
Samoa 3,567 Siusega
0%
Solomon Islands 24,592 Tandai
0%
Kiribati 6,007 Teaoraereke
0%
Tuvalu 773 Tekavatoetoe
0%
Kiribati 5,495 Temwaiku
0%
Tonga 3,467 Tofoa-Koloua
0%
Marshall Islands 2,019 Uliga
0%
Tonga 3,295 Vainī
0%
Samoa 8,224 Vaitele
0%
Papua New Guinea 37,825 Wewak
0%
No matching quizzes found
Score Distribution
Percent of People with Each Score
Percentile by Number Answered
Your Score History
You have not taken this quiz since the last reset